[Event "ARG-ch sf U2300"]
[Site "Cosquin"]
[Date "2017.07.22"]
[Round "1.1"]
[White "Marson, Juan Miguel"]
[Black "Perez, Miguel"]
[Result "1-0"]
[WhiteElo "2002"]
[BlackElo "1596"]
[PlyCount "55"]
[EventDate "2017.07.22"]
[EventType "swiss"]
[EventRounds "6"]
[EventCountry "ARG"]
[SourceTitle "EXT 2024"]
[Source "ChessBase"]
[SourceDate "2023.10.10"]
[SourceVersion "1"]
[SourceVersionDate "2023.10.10"]
[SourceQuality "1"]

1. e4 c5 2. Nf3 d6 3. Bb5+ Bd7 4. Bxd7+ Nxd7 5. b3 e6 6. Bb2 Ngf6 7. Qe2 Be7 8. 0-0 0-0 9. c4 Qc7 10. d4 cxd4 11. Nxd4 a6 12. Kh1 Rac8 13. Nd2 Rfe8 14. f4 Rf8 15. g4 Qb8 16. g5 Ne8 17. Rf3 g6 18. Rh3 e5 19. Nf5 gxf5 20. Qh5 Nef6 21. gxf6 Nxf6 22. Qxf5 Rfd8 23. Rg1+ Kf8 24. fxe5 dxe5 25. Bxe5 Rc5 26. Rxh7 Ke8 27. Rh8+ Bf8 28. Qxf6 1-0

[Event "ARG-ch sf U2300"]
[Site "Cosquin"]
[Date "2017.07.22"]
[Round "2.9"]
[White "Perez, Miguel"]
[Black "Lucero Abdala, Juan Carlos"]
[Result "0-1"]
[WhiteElo "1596"]
[BlackElo "1532"]
[PlyCount "96"]
[EventDate "2017.07.22"]
[EventType "swiss"]
[EventRounds "6"]
[EventCountry "ARG"]
[SourceTitle "EXT 2024"]
[Source "ChessBase"]
[SourceDate "2023.10.10"]
[SourceVersion "1"]
[SourceVersionDate "2023.10.10"]
[SourceQuality "1"]

1. d4 Nf6 2. c4 e6 3. Nc3 c5 4. e3 g6 5. Nf3 cxd4 6. exd4 Bg7 7. Be2 0-0 8. 0-0 b6 9. h3 Bb7 10. Be3 d5 11. cxd5 Nxd5 12. Nxd5 Qxd5 13. b3 Nc6 14. Rc1 Rac8 15. Qd2 Rfd8 16. Rfd1 Ne7 17. Bc4 Qd7 18. Qe2 Nf5 19. Ne5 Qe7 20. a4 Bxe5 21. dxe5 Nxe3 22. Qxe3 Rxd1+ 23. Rxd1 Rd8 24. Ra1 Qb4 25. Qg5 Qd2 26. Qf6 Qd4 27. Re1 Qd2 28. Re3 Rf8 29. h4 Qd1+ 30. Kh2 Qd4 31. h5 Qg4 32. Rg3 Qxh5+ 33. Kg1 Qd1+ 34. Kh2 Qh5+ 35. Rh3 Qg4 36. f3 Qf5 37. Qh4 Qxe5+ 38. f4 Qg7 39. Qe7 Bd5 40. Bxd5 exd5 41. Qxa7 Qd4 42. Rf3 Qf6 43. g3 Rd8 44. Qa6 Qc6 45. Qd3 Rc8 46. Rf2 Qc5 47. Kg2 Rd8 48. f5 d4 0-1

[Event "ARG-ch sf U2300 Wilson Memorial 4th"]
[Site "La Falda"]
[Date "2017.06.24"]
[Round "1.6"]
[White "Perez, Miguel"]
[Black "Merlo, Daniel"]
[Result "1-0"]
[WhiteElo "1538"]
[BlackElo "1841"]
[PlyCount "85"]
[EventDate "2017.06.24"]
[EventType "swiss"]
[EventRounds "6"]
[EventCountry "ARG"]
[SourceTitle "EXT 2024"]
[Source "ChessBase"]
[SourceDate "2023.10.10"]
[SourceVersion "1"]
[SourceVersionDate "2023.10.10"]
[SourceQuality "1"]

1. d4 Nf6 2. c4 g6 3. Nc3 Bg7 4. e4 d6 5. Nf3 0-0 6. Be2 e5 7. dxe5 dxe5 8. Qxd8 Rxd8 9. Bg5 Re8 10. 0-0 Na6 11. Rad1 Bg4 12. h3 Bxf3 13. Bxf3 c6 14. Rd6 Nh5 15. Bxh5 gxh5 16. Rfd1 Nc5 17. Be3 Ne6 18. Rd7 b6 19. Rb7 Nd4 20. f3 Red8 21. Kf1 Kf8 22. a3 Ke8 23. b4 Nc2 24. Rxd8+ Rxd8 25. Bc1 Rd4 26. Bb2 Rd2 27. Bc1 Rd3 28. Bb2 Nxa3 29. Ke2 Rxc3 30. Bxc3 Nxc4 31. Rxa7 Nd6 32. Kd3 Nc8 33. Rc7 Ne7 34. f4 f6 35. f5 Kd8 36. Rb7 b5 37. Be1 Bf8 38. Kc3 Kc8 39. Ra7 Kb8 40. Bf2 c5 41. Bxc5 Nd5+ 42. exd5 Bxc5 43. Rxh7 1-0

[Event "San Francisco-ch 72th"]
[Site "San Francisco"]
[Date "2016.11.27"]
[Round "5.6"]
[White "Arnoletto, Stefano"]
[Black "Perez, Miguel"]
[Result "1-0"]
[WhiteElo "1438"]
[BlackElo "1674"]
[PlyCount "157"]
[EventDate "2016.11.26"]
[EventType "swiss"]
[EventRounds "6"]
[EventCountry "ARG"]
[SourceTitle "EXT 2024"]
[Source "ChessBase"]
[SourceDate "2023.10.10"]
[SourceVersion "1"]
[SourceVersionDate "2023.10.10"]
[SourceQuality "1"]

1. Nf3 Nf6 2. d4 g6 3. Bg5 Bg7 4. e3 0-0 5. Bc4 d6 6. 0-0 a5 7. Nc3 c6 8. a4 Qc7 9. Qe2 e5 10. Rad1 Nbd7 11. Bh4 d5 12. Bb3 Re8 13. dxe5 Nxe5 14. Nxe5 Qxe5 15. Bg3 Qe7 16. h3 h6 17. Bh2 h5 18. Qd2 Bg4 19. Rde1 Ne4 20. Nxe4 Qxe4 21. c3 Qe7 22. Bc2 Be6 23. Bb3 Red8 24. Bc2 c5 25. Qe2 c4 26. Qf3 Qe8 27. Qe2 b5 28. Ra1 b4 29. Qd2 b3 30. Bd1 Bf5 31. Bf3 Be4 32. Qe2 Bd3 33. Qd2 Qe7 34. Be2 Be4 35. Qd1 Qg5 36. Bf3 h4 37. Bxe4 dxe4 38. Qe2 Rd3 39. Bf4 Qf5 40. Rad1 Rad8 41. Bc7 R8d7 42. Bh2 R7d5 43. Bc7 Qd7 44. Rxd3 exd3 45. Qf3 d2 46. Rd1 Rd3 47. Bxa5 Qxa4 48. Bb4 Qa2 49. Ba3 Rd7 50. Qa8+ Kh7 51. Qe8 Ra7 52. Rxd2 Rxa3 53. Rd8 Qxb2 54. Qg8+ Kh6 55. Qxf7 Qxc3 56. Qf4+ Kh7 57. Qxh4+ Bh6 58. Rd7+ Qg7 59. Rxg7+ Kxg7 60. Qe7+ Kh8 61. Qxa3 Bg7 62. Qa8+ Kh7 63. Qd5 b2 64. Qd1 Bc3 65. Qc2 Bg7 66. f4 Kh6 67. e4 Bd4+ 68. Kh2 c3 69. g4 Be3 70. f5 gxf5 71. exf5 Bd2 72. h4 Bf4+ 73. Kg2 Bd2 74. Kf3 Bc1 75. g5+ Kg7 76. f6+ Kf8 77. h5 Bd2 78. g6 Bh6 79. g7+ 1-0

[Event "San Francisco-ch 72th"]
[Site "San Francisco"]
[Date "2016.11.27"]
[Round "4.6"]
[White "Perez, Miguel"]
[Black "Benzaquin, Lucas"]
[Result "0-1"]
[WhiteElo "1674"]
[BlackElo "1712"]
[PlyCount "65"]
[EventDate "2016.11.26"]
[EventType "swiss"]
[EventRounds "6"]
[EventCountry "ARG"]
[SourceTitle "EXT 2024"]
[Source "ChessBase"]
[SourceDate "2023.10.10"]
[SourceVersion "1"]
[SourceVersionDate "2023.10.10"]
[SourceQuality "1"]

1. d4 d6 2. c4 e5 3. dxe5 dxe5 4. Qxd8+ Kxd8 5. g3 Bc5 6. Nc3 c6 7. Nf3 f6 8. Bg2 Be6 9. b3 Ne7 10. 0-0 Nd7 11. Bb2 Kc7 12. a3 a5 13. Nd2 h5 14. e3 h4 15. Nce4 hxg3 16. hxg3 Rh6 17. Nxc5 Nxc5 18. b4 Na4 19. Rfb1 Nb6 20. Rc1 a4 21. b5 Bh3 22. c5 Nd7 23. b6+ Nxb6 24. cxb6+ Kxb6 25. Bc3 Rah8 26. Bb4 Bxg2 27. Kxg2 Nd5 28. Bd6 Nxe3+ 29. fxe3 Rh2+ 30. Kf3 Rxd2 31. Rab1+ Ka6 32. Rc4 Ka5 33. Rxb7 0-1